All Waterparks Songs (September 2025) - Statistics

General Stats
  • This quiz has been taken 90 times
    47 since last reset
  • The average score is 68 of 110
Answer Stats
Answer % Correct
Cherry Red
91%
Crave
91%
FUCK ABOUT IT
91%
FUNERAL GREY
91%
Mad All the Time
91%
Pink
91%
Snow Globe
91%
TANTRUM
91%
Turbulent
91%
11:11
82%
Blonde
82%
Greatest Hits
82%
Hawaii (Stay Awake)
82%
IF LYRICS WERE CONFIDENTIAL
82%
Magnetic
82%
No Capes
82%
RED GUITAR
82%
RITUAL
82%
Stupid for You
82%
2 BEST FRIENDS
73%
American Graffiti
73%
A NIGHT OUT ON EARTH
73%
BRAINWASHED
73%
CALL ME BEEP ME
73%
CLOSER
73%
Crybaby
73%
Easy to Hate
73%
Fruit Roll Ups
73%
Gladiator (Interlude)
73%
Gloom Boys
73%
I Felt Younger When We Met
73%
LIKE IT
73%
Little Violence
73%
Lucky People
73%
Not Warriors
73%
Numb
73%
Plum Island
73%
SELF-SABOTAGE
73%
SNEAKING OUT OF HEAVEN
73%
Territory
73%
Violet!
73%
21 Questions
64%
American History
64%
Christmas
64%
Crying Over It All
64%
Dizzy
64%
Easter Egg
64%
END OF THE WATER (FEEL)
64%
Fantastic
64%
Fantastic (Demo)
64%
give me a break!
64%
Ice Bath
64%
I'm a Natural Blue
64%
I Miss Having Sex But At Least I Don't Wanna Die Anymore
64%
New Wave
64%
Peach (Lobotomy)
64%
Powerless
64%
Rare
64%
REAL SUPER DARK
64%
[Reboot]
64%
Royal
64%
See You In The Future
64%
Silver
64%
Silver (Acoustic)
64%
Sleep Alone
64%
ST*RFUCKER
64%
Take Her to the Moon
64%
Telephone
64%
The Secret Life of Me
64%
Watch What Happens Next
64%
We Need to Talk
64%
Worst
64%
Bones of '92
55%
Dream Boy
55%
Fuzzy
55%
Group Chat
55%
I'll Always Be Around
55%
It Follows
55%
I Was Hiding Under Your Porch Because I Love You
55%
Just Kidding
55%
Lowkey As Hell
55%
Made in America
55%
Never Bloom Again
55%
TALKING TO MYSELF
55%
War Crimes
55%
You'd Be Paranoid Too (If Everyone Was Out To Get You)
55%
Zone Out
55%
Candy
45%
High Definition
45%
LEMONADE
45%
Night Maps
45%
Rainy Days in LA
45%
They All Float
45%
Beating Heart Baby
36%
Forget
36%
GLITTER TIMES
36%
Like a Kennedy
36%
PERFECT POSTURE
36%
Perfume
36%
SORRY AS I'LL EVER BE
36%
What We Do For Fun
36%
Wobble
36%
LAST HEAVEN
27%
NOISE
27%
READ MY MIND
27%
TEENAGE JEALOUSY
27%
cheerleader
18%
LIFE IS PUKE (20,000)
18%
WHY CAN'T I?
18%
Be Ok
9%
No matching quizzes found
Score Distribution
Percent of People with Each Score
Percentile by Number Answered
Your Score History
You have not taken this quiz since the last reset